[Event "Cappelle-la-Grande"]
[Site "Cappelle-la-Grande (FRA)"]
[Date "2013.02.25"]
[Round "4.30"]
[White "Song, Julien"]
[Black "Miezis, Normunds"]
[Result "1/2-1/2"]
[WhiteElo "2422"]
[BlackElo "2572"]
[PlyCount "99"]
[EventDate "2013.??.??"]

1. d4 Nf6 2. c4 e6 3. Nf3 Bb4+ 4. Bd2 a5 5. Qc2 d5 6. g3 O-O 7. Bg2 c5 8. O-O
cxd4 9. Nxd4 Nc6 10. Nb5 d4 11. c5 Nd7 12. Bxb4 Nxb4 13. Qc4 Qg5 14. Nxd4 Qxc5
15. Nd2 Qb6 16. N2f3 Qa6 17. Rfc1 Qxc4 18. Rxc4 Nb6 19. Rc5 Rd8 20. a3 N4d5 21.
e4 Nf6 22. Re1 Bd7 23. Rc7 Rab8 24. b3 Be8 25. a4 Rdc8 26. Rxc8 Rxc8 27. Ne5
Rc3 28. f3 Kf8 29. Kf2 Nfd7 30. Nxd7+ Bxd7 31. Re3 Rc1 32. Re1 Rc3 33. Re3 Rc1
34. Re1 Rxe1 35. Kxe1 e5 36. Nc2 Be6 37. Na1 Ke7 38. Kd2 Kd6 39. Kc3 f5 40. Nc2
fxe4 41. fxe4 g6 42. Ne3 Kc5 43. Bf1 Nd7 44. Bc4 Bxc4 45. Nxc4 b6 46. Nb2 Nf6
47. Nd3+ Kd6 48. Nf2 Kc5 49. Nd3+ Kd6 50. Nf2 1/2-1/2

[Event "Cappelle-la-Grande"]
[Site "Cappelle-la-Grande (FRA)"]
[Date "2013.02.25"]
[Round "4.31"]
[White "Pulvett, Daniel"]
[Black "Malakhatko, Vadim"]
[Result "1/2-1/2"]
[WhiteElo "2385"]
[BlackElo "2565"]
[PlyCount "41"]
[EventDate "2013.??.??"]

1. d4 d5 2. c4 c6 3. Nc3 Nf6 4. e3 a6 5. Nf3 e6 6. a4 c5 7. Be2 Nc6 8. O-O dxc4
9. Bxc4 Be7 10. Qe2 cxd4 11. Rd1 O-O 12. exd4 Nb4 13. Bg5 h6 14. Bh4 Bd7 15. d5
exd5 16. Nxd5 Nbxd5 17. Bxd5 Nxd5 18. Bxe7 Nxe7 19. Ne5 Nc6 20. Nxd7 Re8 21.
Qg4 1/2-1/2

[Event "Cappelle-la-Grande"]
[Site "Cappelle-la-Grande (FRA)"]
[Date "2013.02.25"]
[Round "4.33"]
[White "Vovk, Andrey"]
[Black "Soors, Stef"]
[Result "0-1"]
[WhiteElo "2564"]
[BlackElo "2369"]
[PlyCount "74"]
[EventDate "2013.??.??"]

1. e4 c6 2. d4 d5 3. e5 Bf5 4. Nf3 e6 5. Be2 Ne7 6. Nbd2 Nd7 7. O-O h6 8. Nb3
Bg6 9. a4 Nf5 10. a5 Rc8 11. h3 Be7 12. c4 O-O 13. Bd2 dxc4 14. Bxc4 c5 15. d5
exd5 16. Bxd5 c4 17. Nc1 Nxe5 18. Bxb7 Nxf3+ 19. Bxf3 Bf6 20. Bc3 Nd4 21. Bb7
Rc5 22. a6 Re8 23. Kh1 Be4 24. Bxe4 Rxe4 25. Ra4 Qd5 26. Re1 Be5 27. Rb4 Rxe1+
28. Bxe1 Nb3 29. Qc2 Nd4 30. Qd2 Nc6 31. Qxd5 Rxd5 32. Rxc4 Rd1 33. g3 Bxb2 34.
Nd3 Rxd3 35. Rxc6 Rd1 36. Rc8+ Kh7 37. Re8 Bc3 0-1

[Event "Cappelle-la-Grande"]
[Site "Cappelle-la-Grande (FRA)"]
[Date "2013.02.25"]
[Round "4.34"]
[White "Jovanic, Ognjen"]
[Black "Kojima, Shinya"]
[Result "1-0"]
[WhiteElo "2547"]
[BlackElo "2368"]
[PlyCount "61"]
[EventDate "2013.??.??"]

1. d4 d5 2. Nf3 Nf6 3. c4 c6 4. e3 g6 5. Nc3 Bg7 6. Be2 O-O 7. O-O a6 8. Bd2
dxc4 9. Bxc4 Nbd7 10. b4 Nb6 11. Bb3 Bg4 12. Rc1 e5 13. dxe5 Nfd7 14. h3 Bxf3
15. Qxf3 Nxe5 16. Qe2 Qd3 17. Qxd3 Nxd3 18. Rb1 Rad8 19. Ne4 Rfe8 20. Ng5 Rd7
21. e4 h6 22. Nxf7 Rxf7 23. Be3 Nc8 24. Rfd1 Ne5 25. f4 Kh7 26. fxe5 Rfe7 27.
e6 Rxe6 28. Bxe6 Rxe6 29. Rd7 Rxe4 30. Bf2 b5 31. Re1 1-0

[Event "Cappelle-la-Grande"]
[Site "Cappelle-la-Grande (FRA)"]
[Date "2013.02.25"]
[Round "4.35"]
[White "Tugui, Adrian"]
[Black "Arutinian, David"]
[Result "1/2-1/2"]
[WhiteElo "2370"]
[BlackElo "2545"]
[PlyCount "96"]
[EventDate "2013.??.??"]

1. d4 g6 2. e4 Bg7 3. c4 c5 4. d5 d6 5. Nc3 Nf6 6. Bd3 O-O 7. h3 e6 8. Nf3 exd5
9. cxd5 a6 10. a4 Nbd7 11. O-O Re8 12. Bf4 Qe7 13. Re1 Nh5 14. Bg5 Bf6 15. Bh6
Ne5 16. Bf1 Nxf3+ 17. Qxf3 Be5 18. g3 Rb8 19. Rab1 Bd7 20. Bd2 b5 21. axb5 axb5
22. b4 c4 23. Bg2 f5 24. Ra1 Rf8 25. exf5 Rxf5 26. Qe3 Qg7 27. Ra7 Rf7 28. Ne2
Re7 29. Nf4 Rbe8 30. Ne6 Bxe6 31. Rxe7 Rxe7 32. dxe6 Nxg3 33. Qb6 Nh5 34. Qxb5
Qf6 35. Bh6 Ng7 36. Bxg7 Kxg7 37. Qxc4 Rxe6 38. Re2 Re7 39. b5 Ra7 40. Ra2 Rxa2
41. Qxa2 Bd4 42. Qe2 Qf4 43. Bc6 h5 44. Qf3 Qg5+ 45. Kf1 Qc1+ 46. Kg2 Qg5+ 47.
Kf1 Qc1+ 48. Kg2 Qg5+ 1/2-1/2

[Event "Cappelle-la-Grande"]
[Site "Cappelle-la-Grande (FRA)"]
[Date "2013.02.25"]
[Round "4.37"]
[White "Klinova, Masha"]
[Black "Kurajica, Bojan"]
[Result "1-0"]
[WhiteElo "2327"]
[BlackElo "2539"]
[PlyCount "49"]
[EventDate "2013.??.??"]

1. e4 c5 2. Nf3 Nc6 3. Bb5 e6 4. Bxc6 bxc6 5. O-O Ne7 6. b3 Ng6 7. Bb2 f6 8.
Re1 e5 9. c3 d5 10. d4 dxe4 11. Rxe4 cxd4 12. cxd4 c5 13. Re1 cxd4 14. Nxd4 Qd7
15. Nc3 Bb7 16. Rc1 Kf7 17. Nf3 Rd8 18. Qxd7+ Rxd7 19. Red1 Rxd1+ 20. Rxd1 Bxf3
21. gxf3 Bb4 22. Nb5 Bc5 23. Ba3 Bb6 24. Nd6+ Ke6 25. Nc4 1-0

[Event "Cappelle-la-Grande"]
[Site "Cappelle-la-Grande (FRA)"]
[Date "2013.02.25"]
[Round "4.39"]
[White "Ulibin, Mikhail"]
[Black "Payen, Arnaud"]
[Result "1-0"]
[WhiteElo "2521"]
[BlackElo "2325"]
[PlyCount "125"]
[EventDate "2013.??.??"]

1. e4 e5 2. Nf3 d6 3. d4 exd4 4. Qxd4 Nf6 5. e5 dxe5 6. Qxd8+ Kxd8 7. Nxe5 Be6
8. Bc4 Bxc4 9. Nxc4 Bb4+ 10. Ke2 Re8+ 11. Kf3 Nc6 12. c3 Bd6 13. Bg5 Re6 14.
Nbd2 h6 15. Bxf6+ Rxf6+ 16. Ke2 Re6+ 17. Kd3 Kd7 18. Rae1 Rae8 19. Rxe6 Rxe6
20. g3 Ne5+ 21. Nxe5+ Rxe5 22. a4 Rd5+ 23. Kc2 Re5 24. Kd3 Rd5+ 25. Kc2 Re5 26.
Rf1 a6 27. Nc4 Rc5 28. Kd3 b5 29. axb5 axb5 30. Ne3 Re5 31. f4 Re8 32. Nf5 Bf8
33. b4 Ra8 34. Rf2 Ra3 35. Rd2 Bxb4 36. Kc2+ Bd6 37. Nxg7 Ra2+ 38. Kd3 Ra3 39.
Kc2 Ra2+ 40. Kc1 Ra6 41. Nf5 h5 42. Kb2 Rc6 43. Kb3 Rc5 44. Nh4 Kc6 45. Re2 Rd5
46. Nf3 Kb6 47. Ng5 Rf5 48. Re8 h4 49. Rb8+ Ka6 50. Rh8 hxg3 51. hxg3 Be7 52.
Ne4 Kb6 53. Re8 Bc5 54. Kc2 Kc6 55. Kd3 Kd7 56. Rb8 Ba7 57. Rh8 Ke7 58. Ke2 Bb6
59. Rh6 Rd5 60. g4 b4 61. cxb4 Rd4 62. Nf6 Kf8 63. g5 1-0

[Event "Cappelle-la-Grande"]
[Site "Cappelle-la-Grande (FRA)"]
[Date "2013.02.25"]
[Round "4.40"]
[White "Stephan, Victor"]
[Black "Ninov, Nikolai"]
[Result "1-0"]
[WhiteElo "2324"]
[BlackElo "2520"]
[PlyCount "63"]
[EventDate "2013.??.??"]

1. d4 Nf6 2. c4 e6 3. g3 c5 4. d5 exd5 5. cxd5 b5 6. Nf3 Bb7 7. e4 Nxe4 8. Bg2
Bd6 9. O-O O-O 10. Nh4 Nf6 11. Nf5 Qb6 12. a4 bxa4 13. Nc3 Be5 14. Nxa4 Qb5 15.
Bg5 Ne8 16. Re1 f6 17. Qh5 Rf7 18. Rxe5 fxe5 19. Ne7+ Rxe7 20. Bxe7 d6 21. Qf5
Nd7 22. Nc3 Qxb2 23. Rb1 Qxc3 24. Rxb7 Qc1+ 25. Bf1 Ndf6 26. Qe6+ Kh8 27. Qf7
Qh6 28. Bh3 g5 29. Bf5 g4 30. Bf8 Qc1+ 31. Kg2 Qg5 32. Bxh7 1-0

[Event "Cappelle-la-Grande"]
[Site "Cappelle-la-Grande (FRA)"]
[Date "2013.02.25"]
[Round "4.41"]
[White "Kiselev, Vitaliy"]
[Black "Frois, Antonio"]
[Result "1/2-1/2"]
[WhiteElo "2517"]
[BlackElo "2320"]
[PlyCount "39"]
[EventDate "2013.??.??"]

1. d4 d5 2. c4 e6 3. Nc3 c5 4. cxd5 exd5 5. dxc5 d4 6. Ne4 Bf5 7. Ng3 Be6 8. e4
Bxc5 9. Bd3 Nc6 10. N1e2 Nf6 11. O-O O-O 12. Nf4 Bg4 13. f3 Bd7 14. a3 Rc8 15.
Kh1 Bb6 16. b3 Qe7 17. Bb2 Rfd8 18. Rc1 Qd6 19. Nfe2 Be6 20. b4 1/2-1/2

[Event "Cappelle-la-Grande"]
[Site "Cappelle-la-Grande (FRA)"]
[Date "2013.02.25"]
[Round "4.42"]
[White "Rambaldi, Francesco"]
[Black "Andreev, Eduard"]
[Result "1/2-1/2"]
[WhiteElo "2321"]
[BlackElo "2514"]
[PlyCount "38"]
[EventDate "2013.??.??"]

1. d4 Nf6 2. c4 e6 3. Nc3 Bb4 4. g3 O-O 5. Bg2 d5 6. a3 Be7 7. Nf3 dxc4 8. Ne5
c5 9. dxc5 Qc7 10. Nxc4 Qxc5 11. Qb3 Nc6 12. Qb5 Bd7 13. Qxc5 Bxc5 14. Be3 Bxe3
15. Nxe3 Rac8 16. Rd1 Na5 17. O-O Rc7 18. Rd6 Rfc8 19. Rfd1 Kf8 1/2-1/2

[Event "Cappelle-la-Grande"]
[Site "Cappelle-la-Grande (FRA)"]
[Date "2013.02.25"]
[Round "4.43"]
[White "Bernadskiy, Vitaliy"]
[Black "Fayard, Alain"]
[Result "1-0"]
[WhiteElo "2503"]
[BlackElo "2238"]
[PlyCount "57"]
[EventDate "2013.??.??"]

1. d4 Nf6 2. c4 e6 3. Nc3 Bb4 4. e3 Nc6 5. Nge2 O-O 6. a3 Bxc3+ 7. Nxc3 d6 8.
Be2 e5 9. O-O Bf5 10. d5 Ne7 11. g4 Bd7 12. f4 exf4 13. exf4 c6 14. f5 Qb6+ 15.
Rf2 cxd5 16. cxd5 h5 17. h3 Rac8 18. Bf3 hxg4 19. hxg4 Bb5 20. Qe1 Rxc3 21.
bxc3 Nfxd5 22. Bg5 Re8 23. Qd2 Bc4 24. Re1 Kf8 25. Re4 Qc5 26. Qd4 b5 27. Bxe7+
Rxe7 28. Qxc5 dxc5 29. Rxc4 1-0

[Event "Cappelle-la-Grande"]
[Site "Cappelle-la-Grande (FRA)"]
[Date "2013.02.25"]
[Round "4.44"]
[White "Doluhanova, Evgeniya"]
[Black "Naumkin, Igor"]
[Result "1/2-1/2"]
[WhiteElo "2266"]
[BlackElo "2495"]
[PlyCount "84"]
[EventDate "2013.??.??"]

1. e4 e6 2. d4 d5 3. Nc3 Nf6 4. Bg5 Be7 5. e5 Nfd7 6. Bxe7 Qxe7 7. f4 a6 8. Nf3
c5 9. dxc5 Nc6 10. Bd3 Qxc5 11. Qd2 h6 12. a3 O-O 13. b4 Qb6 14. Qf2 Qxf2+ 15.
Kxf2 f6 16. exf6 Nxf6 17. Rhe1 Bd7 18. Kg1 Rac8 19. Na4 Rce8 20. Nb6 Re7 21. c4
Be8 22. Rac1 Bh5 23. cxd5 Bxf3 24. dxc6 Bxc6 25. g3 g5 26. fxg5 hxg5 27. Re5
Ng4 28. Rxg5+ Rg7 29. Rxg7+ Kxg7 30. Bf1 Rh8 31. h4 Rd8 32. Nc4 b5 33. Nb2 Bf3
34. Nd3 e5 35. Nf2 Rd2 36. Nxg4 Bxg4 37. Bg2 Ra2 38. Rc3 Ra1+ 39. Kf2 Ra2+ 40.
Kf1 Ra1+ 41. Kf2 Ra2+ 42. Kf1 Ra1+ 1/2-1/2

[Event "Cappelle-la-Grande"]
[Site "Cappelle-la-Grande (FRA)"]
[Date "2013.02.25"]
[Round "4.46"]
[White "Atakisi, Umut"]
[Black "Wagner, Dennis"]
[Result "1-0"]
[WhiteElo "2320"]
[BlackElo "2481"]
[PlyCount "77"]
[EventDate "2013.??.??"]

1. e4 e5 2. Nf3 Nc6 3. Bb5 a6 4. Ba4 Nf6 5. O-O Be7 6. Re1 b5 7. Bb3 d6 8. c3
O-O 9. d4 Bg4 10. Be3 exd4 11. cxd4 d5 12. e5 Ne4 13. Nc3 Nxc3 14. bxc3 Na5 15.
Bc2 Nc4 16. h3 Bh5 17. Bf4 a5 18. Bf5 Bg6 19. Qd3 b4 20. Bxg6 hxg6 21. Re2 Qd7
22. Bg5 Bxg5 23. Nxg5 Qf5 24. Qg3 f6 25. exf6 gxf6 26. Ne6 Rf7 27. Rae1 c6 28.
cxb4 axb4 29. Qb3 g5 30. Qxb4 g4 31. h4 g3 32. fxg3 Qg4 33. Nf4 Qxg3 34. Re8+
Rxe8 35. Rxe8+ Kh7 36. Qb8 Qg7 37. Ne6 Qg4 38. Rh8+ Kg6 39. Rg8+ 1-0

[Event "Cappelle-la-Grande"]
[Site "Cappelle-la-Grande (FRA)"]
[Date "2013.02.25"]
[Round "4.49"]
[White "Lokander, Martin"]
[Black "Blomqvist, Erik"]
[Result "0-1"]
[WhiteElo "2231"]
[BlackElo "2465"]
[PlyCount "80"]
[EventDate "2013.??.??"]

1. d4 d5 2. c4 c6 3. Nc3 Nf6 4. e3 a6 5. Nf3 b5 6. b3 Bf5 7. Ne5 h6 8. g4 Bh7
9. Bg2 e6 10. O-O Be7 11. h3 O-O 12. c5 Nfd7 13. Nd3 e5 14. f4 e4 15. Nf2 f5
16. Bd2 a5 17. Ne2 Bh4 18. Nh1 Na6 19. a3 Nc7 20. Be1 Be7 21. Neg3 g6 22. Ra2
Ne6 23. Kh2 Kh8 24. Rc2 Qc7 25. Kg1 b4 26. a4 Rg8 27. Ra2 Raf8 28. Rc2 Rf7 29.
Ra2 Qb8 30. Rc2 Bd8 31. Ra2 Bc7 32. gxf5 gxf5 33. Nh5 Qd8 34. Kh2 Bg6 35. Rg1
Qg5 36. N5g3 Nxf4 37. exf4 Bxf4 38. Bf1 h5 39. h4 Qxh4+ 40. Bh3 Qg5 0-1

[Event "Cappelle-la-Grande"]
[Site "Cappelle-la-Grande (FRA)"]
[Date "2013.02.25"]
[Round "4.51"]
[White "Cornette, Matthieu"]
[Black "Viennot, Dylan"]
[Result "1-0"]
[WhiteElo "2567"]
[BlackElo "2192"]
[PlyCount "159"]
[EventDate "2013.??.??"]

1. e4 e6 2. Nc3 d5 3. d4 Nf6 4. Bg5 Be7 5. e5 Nfd7 6. Bxe7 Qxe7 7. f4 a6 8. Nf3
c5 9. dxc5 Qxc5 10. Qd2 b5 11. a3 O-O 12. Bd3 f6 13. exf6 Nxf6 14. Qf2 Qxf2+
15. Kxf2 Ng4+ 16. Kg3 Nf6 17. Kh4 Ne8 18. g3 Nc6 19. Rae1 Rf6 20. Ne5 Rh6+ 21.
Kg4 Nd4 22. h4 Nd6 23. Kh3 Rf6 24. Rhf1 Nf7 25. Ng4 e5 26. f5 Bxf5 27. Nxd5
Bxg4+ 28. Kxg4 Rxf1 29. Rxf1 Re8 30. Bxh7+ Kxh7 31. Rxf7 Nxc2 32. Rc7 Rd8 33.
Nf6+ Kg6 34. Nd7 Ne3+ 35. Kf3 Nc4 36. Ke4 Nxb2 37. Nxe5+ Kh7 38. g4 Re8 39. Kf5
Rf8+ 40. Kg5 Re8 41. Ng6 Nc4 42. h5 Nd6 43. Ra7 Ne4+ 44. Kh4 Nc5 45. Rc7 Ne6
46. Rc6 Nf8 47. Rxa6 Nxg6+ 48. hxg6+ Kg8 49. Rb6 Ra8 50. Rxb5 Kf8 51. Rf5+ Kg8
52. Rf3 Ra6 53. Kh5 Ra5+ 54. g5 Ra7 55. Rd3 Kf8 56. Kg4 Ra6 57. Kf5 Ra5+ 58.
Ke6 Ke8 59. Rc3 Ra6+ 60. Kf5 Ra5+ 61. Kf4 Ra4+ 62. Ke5 Kd7 63. Rd3+ Ke7 64. Rg3
Ra6 65. Kd5 Kd7 66. Kc5 Kc7 67. Kb5 Kb7 68. a4 Rb6+ 69. Kc5 Rc6+ 70. Kd5 Rxg6
71. Ke5 Ra6 72. Rg4 Kc7 73. Rd4 Rg6 74. Kf5 Ra6 75. Ke5 Rg6 76. Kf4 Ra6 77. Kf5
Kc8 78. Rd5 Rxa4 79. Kg6 Ra7 80. Rf5 1-0

[Event "Cappelle-la-Grande"]
[Site "Cappelle-la-Grande (FRA)"]
[Date "2013.02.25"]
[Round "4.53"]
[White "Maiorov, Nikita"]
[Black "Daurelle, Herve"]
[Result "1-0"]
[WhiteElo "2542"]
[BlackElo "2183"]
[PlyCount "132"]
[EventDate "2013.??.??"]

1. d4 Nf6 2. c4 e6 3. Nc3 c5 4. d5 exd5 5. cxd5 d6 6. g3 g6 7. Bg2 Bg7 8. Nf3
O-O 9. O-O a6 10. a4 Nbd7 11. Bf4 Qc7 12. Rc1 Re8 13. h3 Nh5 14. Bd2 Ne5 15.
Nxe5 Rxe5 16. e4 Re8 17. b4 c4 18. Be3 Bd7 19. Re1 Rac8 20. a5 Bb5 21. Kh2 Nf6
22. f4 Nd7 23. Bd4 Bxd4 24. Qxd4 b6 25. Ra1 bxa5 26. Rxa5 Rb8 27. Rea1 Qb6 28.
Qd2 Qd8 29. R5a3 f5 30. exf5 gxf5 31. Ne2 c3 32. Nxc3 Bc4 33. Re1 Rxb4 34. Nd1
Rb3 35. Rxb3 Bxb3 36. Ne3 Rf8 37. Nxf5 Rxf5 38. Qd3 Rf8 39. Qxb3 Nc5 40. Qe3 a5
41. h4 a4 42. Bf1 Qf6 43. Bc4 Rb8 44. Kh3 h5 45. Re2 Qf5+ 46. Kh2 Qf6 47. Qf3
Rb2 48. f5 Kf8 49. Qxh5 a3 50. Rg2 Rxg2+ 51. Kxg2 a2 52. Bxa2 Qb2+ 53. Kh3 Qxa2
54. f6 Ne6 55. Qh8+ Kf7 56. Qh7+ Kxf6 57. Qh6+ Ke5 58. Qxe6+ Kd4 59. Qxd6 Qe2
60. Qe6 Qf1+ 61. Kg4 Qd1+ 62. Kg5 Qc1+ 63. Kh5 Qc7 64. Kg4 Qc4 65. Qf5 Kc5+ 66.
Kh3 Qc1 1-0

[Event "Cappelle-la-Grande"]
[Site "Cappelle-la-Grande (FRA)"]
[Date "2013.02.25"]
[Round "4.55"]
[White "Bacon, Nicolas"]
[Black "Kanep, Meelis"]
[Result "1/2-1/2"]
[WhiteElo "2201"]
[BlackElo "2508"]
[PlyCount "48"]
[EventDate "2013.??.??"]

1. e4 c5 2. Nf3 Nc6 3. d4 cxd4 4. Nxd4 Qb6 5. Nb3 Nf6 6. Nc3 e6 7. Qe2 Bb4 8.
Bd2 O-O 9. a3 Be7 10. g4 d5 11. g5 Nxe4 12. Nxe4 dxe4 13. Qxe4 e5 14. Be3 Qc7
15. h4 g6 16. Bh3 Bxh3 17. Rxh3 Qd7 18. Qh1 Rfd8 19. h5 Rac8 20. hxg6 fxg6 21.
c3 h5 22. gxh6 Kh7 23. Rg3 Qe6 24. Qe4 Rf8 1/2-1/2

[Event "Cappelle-la-Grande"]
[Site "Cappelle-la-Grande (FRA)"]
[Date "2013.02.25"]
[Round "4.56"]
[White "Varoquier, Romain"]
[Black "Brynell, Stellan"]
[Result "1/2-1/2"]
[WhiteElo "2194"]
[BlackElo "2485"]
[PlyCount "107"]
[EventDate "2013.??.??"]

1. e4 e6 2. d4 d5 3. Nd2 c5 4. exd5 exd5 5. Ngf3 Nf6 6. Bb5+ Bd7 7. Bxd7+ Nbxd7
8. O-O Be7 9. dxc5 Nxc5 10. Nd4 Qd7 11. N2f3 O-O 12. Bg5 Rfe8 13. c3 a6 14. Qc2
Nce4 15. Bxf6 Nxf6 16. Rad1 g6 17. Rfe1 Qc7 18. Re2 Bd6 19. Rde1 Re4 20. g3 Bc5
21. Qd3 Qb6 22. b4 Bf8 23. Nd2 Rxe2 24. Rxe2 Rc8 25. f3 Qc7 26. Re3 Bh6 27. f4
Bg7 28. h3 Ne8 29. Ne2 Nd6 30. Kh2 Nf5 31. Rf3 h5 32. Nb3 Re8 33. g4 hxg4 34.
hxg4 Nh6 35. g5 Nf5 36. Nbd4 Nxd4 37. Nxd4 Re4 38. Ne2 Qc4 39. Qxc4 dxc4 40.
Ng3 Re1 41. a4 b6 42. f5 Be5 43. fxg6 fxg6 44. Kg2 Kg7 45. Kf2 Ra1 46. Re3 Bf4
47. Re7+ Kf8 48. Re6 Bxg5 49. Rxg6 Bd8 50. a5 bxa5 51. Rxa6 Ra3 52. bxa5 Rxc3
53. Ne4 Ra3 54. Rc6 1/2-1/2

[Event "Cappelle-la-Grande"]
[Site "Cappelle-la-Grande (FRA)"]
[Date "2013.02.25"]
[Round "4.57"]
[White "Semcesen, Daniel"]
[Black "Marchyllie, Bruno"]
[Result "1-0"]
[WhiteElo "2479"]
[BlackElo "2162"]
[PlyCount "69"]
[EventDate "2013.??.??"]

1. c4 e5 2. Nc3 c5 3. g3 Nc6 4. Bg2 d6 5. e3 Be6 6. b3 Qd7 7. Bb2 Nf6 8. a3 Be7
9. Nd5 Bd8 10. h3 O-O 11. Ne2 Re8 12. Nec3 Rb8 13. d3 a6 14. Qf3 Bxd5 15. cxd5
Ne7 16. O-O Ba5 17. e4 b5 18. Nd1 Rec8 19. Qe2 Bb6 20. Ne3 Qa7 21. Rfc1 h6 22.
Kh2 Rb7 23. a4 Qb8 24. a5 Ba7 25. Rc2 Qc7 26. f4 Ng6 27. Nf5 Qd8 28. Rf1 Bb8
29. h4 c4 30. bxc4 bxc4 31. dxc4 Qxa5 32. h5 Ne7 33. fxe5 dxe5 34. Nxe7+ Rxe7
35. Rxf6 1-0

[Event "Cappelle-la-Grande"]
[Site "Cappelle-la-Grande (FRA)"]
[Date "2013.02.25"]
[Round "4.58"]
[White "Baron, Tal"]
[Black "Roger, Mehdi"]
[Result "1-0"]
[WhiteElo "2470"]
[BlackElo "2144"]
[PlyCount "117"]
[EventDate "2013.??.??"]

1. d4 Nf6 2. c4 g6 3. Nc3 Bg7 4. e4 d6 5. Nf3 O-O 6. h3 e5 7. d5 Na6 8. Bg5 h6
9. Be3 Nc5 10. Nd2 a5 11. Be2 Bd7 12. O-O Nh7 13. f3 f5 14. g4 f4 15. Bf2 Bf6
16. Qe1 h5 17. Kg2 hxg4 18. hxg4 Ng5 19. b3 Kg7 20. Rh1 Qe7 21. Qc1 Rh8 22. Qb2
Nf7 23. a3 Bh4 24. b4 axb4 25. axb4 Rxa1 26. Qxa1 Bxf2 27. Kxf2 Rxh1 28. Qxh1
Na6 29. Na2 Nb8 30. Kg2 Be8 31. Nc1 b6 32. Nd3 Nd7 33. Qa1 Kf8 34. Qa7 Nf6 35.
c5 bxc5 36. bxc5 Ng5 37. c6 Qh7 38. Nf2 Qe7 39. Nb1 Bf7 40. Nc3 Ne8 41. Qb8 Bg8
42. Ba6 Nh7 43. Nb5 Nhf6 44. Nc3 Qh7 45. Bc8 Qh4 46. Ne2 Ke7 47. Kf1 g5 48. Nc3
Qg3 49. Ke2 Bh7 50. Be6 Qg1 51. Ncd1 Qg2 52. Qc8 Qg3 53. Bd7 Bg8 54. Bxe8 Nxe8
55. Nc3 Qg1 56. Nb5 Qc1 57. Nxc7 Qc4+ 58. Ke1 Qc3+ 59. Kf1 1-0

[Event "Cappelle-la-Grande"]
[Site "Cappelle-la-Grande (FRA)"]
[Date "2013.02.25"]
[Round "4.59"]
[White "Rodriguez Rueda, Paula Andrea"]
[Black "Janev, Evgeni"]
[Result "1/2-1/2"]
[WhiteElo "2183"]
[BlackElo "2469"]
[PlyCount "149"]
[EventDate "2013.??.??"]

1. d4 d6 2. Nf3 Bg4 3. e4 Nd7 4. h3 Bh5 5. Bd3 e5 6. c3 c6 7. Be3 Ngf6 8. Nbd2
Be7 9. Qc2 O-O 10. g4 Bg6 11. O-O-O exd4 12. Nxd4 d5 13. Nf5 Bc5 14. Bg5 Bxf5
15. exf5 Bxf2 16. Nf3 Qb6 17. Kb1 Be3 18. Bxf6 Nxf6 19. g5 Nh5 20. h4 Rae8 21.
Rhe1 Qc7 22. Qg2 b5 23. Qg4 g6 24. Nd4 Bxd4 25. Qxd4 Nf4 26. fxg6 fxg6 27. Bc2
a5 28. Qc5 a4 29. b3 axb3 30. Bxb3 Qd7 31. Bc2 Re6 32. Rf1 Qe8 33. Rf2 Re1 34.
Rf1 Rxd1+ 35. Rxd1 Rf7 36. Qd6 Qe6 37. Qxe6 Nxe6 38. Re1 Nc7 39. h5 gxh5 40.
Rh1 Ne8 41. g6 hxg6 42. Bxg6 Re7 43. Bxe8 Rxe8 44. Rxh5 Kg7 45. Kb2 Re2+ 46.
Kb3 Re4 47. Rf5 Ra4 48. Rf2 Rg4 49. Rf5 Kg6 50. Rf8 Rc4 51. Rf3 c5 52. Rf8 b4
53. cxb4 Rxb4+ 54. Kc3 Rh4 55. Rd8 Rd4 56. Rf8 Kg5 57. Rf7 Rf4 58. Re7 Rf3+ 59.
Kc2 Rf5 60. Rc7 c4 61. Kc3 Rf3+ 62. Kd4 Rd3+ 63. Ke5 Kg4 64. a4 Kf3 65. a5 Ke3
66. a6 Kd2 67. a7 Ra3 68. Kxd5 c3 69. Kc6 c2 70. Kb7 Rb3+ 71. Kc8 Ra3 72. Kb8
c1=Q 73. Rxc1 Kxc1 74. a8=Q Rxa8+ 75. Kxa8 1/2-1/2

[Event "Cappelle-la-Grande"]
[Site "Cappelle-la-Grande (FRA)"]
[Date "2013.02.25"]
[Round "4.60"]
[White "Jarmula, Lukasz"]
[Black "Sepp, Olav"]
[Result "1-0"]
[WhiteElo "2164"]
[BlackElo "2453"]
[PlyCount "81"]
[EventDate "2013.??.??"]

1. d4 Nf6 2. c4 g6 3. Nc3 Bg7 4. e4 d6 5. Nf3 O-O 6. Be2 Bg4 7. O-O Nfd7 8. Be3
c5 9. d5 Na6 10. Nd2 Bxe2 11. Qxe2 e6 12. f4 exd5 13. cxd5 f5 14. Nc4 Nb6 15.
exf5 Rxf5 16. Rad1 Qd7 17. Rfe1 Nc7 18. Nxb6 axb6 19. Qf3 Bxc3 20. bxc3 Rxa2
21. c4 b5 22. cxb5 Nxb5 23. Bf2 Ra4 24. Qb3 Raxf4 25. Be3 Rb4 26. Qc2 Na3 27.
Qa2 Nc4 28. Bh6 Ra4 29. Qb3 Ne5 30. Ra1 Rxa1 31. Rxa1 Ng4 32. Ra8+ Kf7 33. Rb8
Re5 34. g3 Re1+ 35. Kg2 Re2+ 36. Kf1 Rf2+ 37. Kg1 c4 38. Qb4 Kf6 39. Qc3+ Ke7
40. Qe1+ Kf6 41. Rf8+ 1-0

[Event "Cappelle-la-Grande"]
[Site "Cappelle-la-Grande (FRA)"]
[Date "2013.02.25"]
[Round "4.62"]
[White "Makka, Ioulia"]
[Black "Abergel, Thal"]
[Result "0-1"]
[WhiteElo "2160"]
[BlackElo "2445"]
[PlyCount "74"]
[EventDate "2013.??.??"]

1. e4 c5 2. Nf3 d6 3. d4 cxd4 4. Nxd4 Nf6 5. Nc3 Nc6 6. g3 e5 7. Nde2 Be7 8.
Bg2 O-O 9. O-O Be6 10. Nd5 Rc8 11. h3 Nb8 12. Nec3 Nxd5 13. Nxd5 Bxd5 14. exd5
f5 15. Qe2 Qc7 16. c3 Nd7 17. Be3 a5 18. Kh1 Nc5 19. Rad1 Qd7 20. f4 e4 21. g4
g6 22. g5 Rfe8 23. h4 h5 24. gxh6 Bxh4 25. Bd4 Kh7 26. Rg1 Nd3 27. Rdf1 Qe7 28.
Bh3 Qf7 29. Qh2 e3 30. Qe2 Nf2+ 31. Kh2 Nxh3 32. Kxh3 Bf2 33. Rg2 Qxd5 34. Rh2
Qe4 35. Rhxf2 exf2 36. Qxe4 Rxe4 37. Kg3 Re1 0-1

[Event "Cappelle-la-Grande"]
[Site "Cappelle-la-Grande (FRA)"]
[Date "2013.02.25"]
[Round "4.63"]
[White "Sharif, Mehrshad"]
[Black "N'Guyen, Emilien"]
[Result "1-0"]
[WhiteElo "2444"]
[BlackElo "2121"]
[PlyCount "57"]
[EventDate "2013.??.??"]

1. d4 d5 2. c4 dxc4 3. Nf3 Nf6 4. e3 e6 5. Bxc4 a6 6. O-O c5 7. b3 Nc6 8. Bb2
Be7 9. dxc5 Qxd1 10. Rxd1 Bxc5 11. Nbd2 b5 12. Be2 Bb7 13. a4 bxa4 14. Rxa4 Be7
15. Rda1 a5 16. Nd4 O-O 17. Nxc6 Bxc6 18. Rxa5 Rxa5 19. Rxa5 Bb4 20. Ra6 Bxg2
21. Kxg2 Bxd2 22. Ba3 Rb8 23. Bd6 Rd8 24. b4 Nd5 25. b5 h6 26. b6 Bb4 27. Bg3
Rd7 28. e4 Nc3 29. Ra7 1-0

[Event "Cappelle-la-Grande"]
[Site "Cappelle-la-Grande (FRA)"]
[Date "2013.02.25"]
[Round "4.64"]
[White "Przezdziecka, Ewa"]
[Black "Monroy, Charles"]
[Result "0-1"]
[WhiteElo "2149"]
[BlackElo "2443"]
[PlyCount "60"]
[EventDate "2013.??.??"]

1. d4 Nf6 2. Nf3 e6 3. c4 c5 4. d5 b5 5. dxe6 fxe6 6. cxb5 d5 7. Bf4 Bb7 8. Ng5
Qe7 9. Nd2 e5 10. Bg3 e4 11. e3 h6 12. Nh3 g5 13. Be2 Bg7 14. Bh5+ Nxh5 15.
Qxh5+ Qf7 16. Qxf7+ Kxf7 17. Rc1 Nd7 18. b4 c4 19. Ng1 a5 20. bxa6 Rxa6 21. Ne2
Rxa2 22. Nd4 Bf8 23. Nc2 Bc6 24. Nb1 Ba4 25. Nba3 Bg7 26. Kd2 Bb2 27. Ra1 c3+
28. Ke2 Bxc2 29. Rxa2 Bd3+ 30. Kd1 Ra8 0-1